UBT Library

A visual atlas for Anatomy & physiology / (Record no. 39058)

000 -LEADER
fixed length control field 00754cam a22002537a 4500
001 - CONTROL NUMBER
control field 13460351
005 - DATE AND TIME OF LATEST TRANSACTION
control field 20171218052235.0
008 - FIXED-LENGTH DATA ELEMENTS--GENERAL INFORMATION
fixed length control field 040116s2003 nyua 000 0 eng d
010 ## - LIBRARY OF CONGRESS CONTROL NUMBER
LC control number 2004268302
020 ## - INTERNATIONAL STANDARD BOOK NUMBER
International Standard Book Number 0072863781 (alk. paper)
035 ## - SYSTEM CONTROL NUMBER
System control number (OCoLC)ocm53302412
040 ## - CATALOGING SOURCE
Original cataloging agency FBR
Transcribing agency FBR
Modifying agency OCLCQ
-- DLC
041 ## - LANGUAGE CODE
Language code of text/sound track or separate title eng
042 ## - AUTHENTICATION CODE
Authentication code lccopycat
080 ## - UNIVERSAL DECIMAL CLASSIFICATION NUMBER
Universal Decimal Classification number 612 SEE
082 00 - DEWEY DECIMAL CLASSIFICATION NUMBER
Classification number 612 SEE
Edition number 22
100 ## - Rafti
Rafti 6
101 ## - Shkurtesa
Shkurtesa ANA
245 02 - TITLE STATEMENT
Title A visual atlas for Anatomy & physiology /
Statement of responsibility, etc Rod R. Seeley ... [et al].
246 3# - VARYING FORM OF TITLE
Title proper/short title Visual atlas for anatomy and physiology
906 ## - LOCAL DATA ELEMENT F, LDF (RLIN)
a 7
b cbc
c copycat
d 2
e ncip
f 20
g y-gencatlg
942 ## - ADDED ENTRY ELEMENTS (KOHA)
Source of classification or shelving scheme
Item type Books

No items available.

UBT Library © 2015-2024. All rights reserved University Education for Business and Technology